000 00755nam a2200205Ii 4500
003 JO-AjNU
008 230605s9999||||xx |||||||||||||| ||und||
040 _aJO-AjNU
_bara
_erda
_cJO-AjNU
041 _aara
050 1 4 _aKRM4619.M3392.2011
100 3 _aحسنى، محمود نجيب,
_eauthor
_932458
245 0 0 _aشرح قانون الإجراءات الجنائية وفقا لأحدث التعديلات التشريعية، ج1
250 _aط4
264 3 1 _aالقاهرة : دار النهضة العربية، 2011
300 _aج1، 1-716 ص
336 _atext
_btxt
_2rdacontent
337 _aunmediated
_bn
_2rdamedia
338 _avolume
_bnc
_2rdacarrier
650 4 _aقانون الاجراءات الجنائيه -- مصر
_932459
999 _aA13106
_c16674
_d16674